Data Science For Business (Record no. 347079)

MARC details
000 -LEADER
fixed length control field 00526nam a2200169Ia 4500
008 - FIXED-LENGTH DATA ELEMENTS--GENERAL INFORMATION
fixed length control field 230718s9999 xx 000 0 und d
020 ## - INTERNATIONAL STANDARD BOOK NUMBER
International Standard Book Number 9789351102670
041 ## - LANGUAGE CODE
Language code of text/sound track or separate title eng
082 ## - DEWEY DECIMAL CLASSIFICATION NUMBER
Classification number 006.3
Item number PRO
100 ## - MAIN ENTRY--PERSONAL NAME
Personal name Provost F.
9 (RLIN) 118223
245 ## - TITLE STATEMENT
Title Data Science For Business
Remainder of title What You Need To Know About Data Mining And Data-Analytic Thinking
260 ## - PUBLICATION, DISTRIBUTION, ETC. (IMPRINT)
Date of publication, distribution, etc. 2018
Name of publisher, distributor, etc. O'Reilly/SPD
300 ## - PHYSICAL DESCRIPTION
Extent 384
365 ## - TRADE PRICE
Currency code Rs.
Price amount 850.00
700 ## - ADDED ENTRY--PERSONAL NAME
Personal name Provost F. & Fawcett T.
9 (RLIN) 118224
906 ## - LOCAL DATA ELEMENT F, LDF (RLIN)
d O:0590027-Feb-2018B:419915-Feb-2018
c COMP
b 170
Holdings
Withdrawn status Lost status Damaged status Not for loan Home library Current library Date acquired Vendor Budget Code Cost, normal purchase price Bill number Total Checkouts Full call number Barcode Date last seen Date last checked out Discount Cost, replacement price Bill Date Koha item type Original Barcode
        Cummins College of Engineering for Women Pune Cummins College of Engineering for Women Pune 27/02/2018 Technical Book Services COMP 680.00 4199 1 006.3 CCEP-BK-58286 04/06/2025 09/01/2025 170 850.00 15/02/2018 Books 058286